000 00442nam a2200181Ia 4500
008 230524s9999 xx 000 0 und d
020 _a1403928126
082 _a658.15
_bKAT
100 _aRajesh Kothari
245 0 _aContemporary Financial Management
250 _aIST
260 _aNEW DELHI
_bMacmillan
_c2006
300 _aXI;463
500 _aQuantity Number: 20
650 _aManagement
700 _a Bobby Dutta
942 _cBK
999 _c41200
_d41200